[Event "SLO-chT1 East"]
[Site "Slovenia"]
[Date "2016.11.25"]
[Round "7"]
[White "Ivekovic, Mario"]
[Black "Pesec, Franc"]
[Result "1-0"]
[WhiteElo "2155"]
[BlackElo "2111"]
[PlyCount "69"]
[EventDate "2016.09.23"]
[EventType "team-tourn"]
[EventRounds "9"]
[EventCountry "SLO"]
[SourceTitle "EXT 2019"]
[Source "ChessBase"]
[SourceDate "2018.10.10"]
[SourceVersion "1"]
[SourceVersionDate "2018.10.10"]
[SourceQuality "1"]
[WhiteTeam "Brezice"]
[BlackTeam "Celjski"]
[WhiteTeamCountry "SLO"]
[BlackTeamCountry "SLO"]

1. e4 e5 2. Nf3 Nc6 3. Bb5 a6 4. Ba4 Nf6 5. d4 exd4 6. 0-0 b5 7. Bb3 Nxe4 8. Re1 d5 9. Nc3 Be6 10. Nxe4 dxe4 11. Rxe4 Be7 12. Bxe6 fxe6 13. Rxe6 Qd5 14. Qe2 Kd7 15. Rxc6 Kxc6 16. Qxe7 Rae8 17. Qb4 Kb7 18. Bf4 Re4 19. Bg3 c5 20. Qd2 Rhe8 21. h3 Re2 22. Qd3 g6 23. b4 cxb4 24. a3 bxa3 25. Qxa3 R2e6 26. Rd1 Re4 27. c4 Qxc4 28. Rc1 b4 29. Qb2 Qb5 30. Rc7+ Ka8 31. Nxd4 Re1+ 32. Kh2 Qf1 33. Bd6 Qd3 34. Qxb4 Rb1 35. Nc6 1-0

[Event "CRO-chT2 Center 25th"]
[Site "Croatia"]
[Date "2016.10.23"]
[Round "9.31"]
[White "Ivekovic, Mario"]
[Black "Nemeth, Miklos"]
[Result "0-1"]
[WhiteElo "2152"]
[BlackElo "2469"]
[PlyCount "30"]
[EventDate "2016.03.13"]
[EventType "team-tourn"]
[EventRounds "11"]
[EventCountry "CRO"]
[SourceTitle "EXT 2019"]
[Source "ChessBase"]
[SourceDate "2018.10.10"]
[SourceVersion "1"]
[SourceVersionDate "2018.10.10"]
[SourceQuality "1"]

1. e4 d6 2. d4 Nf6 3. Nd2 e5 4. dxe5 dxe5 5. Ngf3 Bc5 6. Nxe5 Bxf2+ 7. Kxf2 Qd4+ 8. Ke1 Qxe5 9. Bd3 Bg4 10. Nf3 Qe6 11. Qe2 Nc6 12. Kf2 0-0-0 13. Re1 Bxf3 14. gxf3 Qh3 15. Kg1 Nd4 0-1

[Event "CRO-chT2 Center 25th"]
[Site "Croatia"]
[Date "2016.03.13"]
[Round "1.61"]
[White "Livaic, Leon"]
[Black "Ivekovic, Mario"]
[Result "1-0"]
[WhiteElo "2380"]
[BlackElo "2152"]
[PlyCount "97"]
[EventDate "2016.03.13"]
[EventType "team-tourn"]
[EventRounds "11"]
[EventCountry "CRO"]
[SourceTitle "EXT 2019"]
[Source "ChessBase"]
[SourceDate "2018.10.10"]
[SourceVersion "1"]
[SourceVersionDate "2018.10.10"]
[SourceQuality "1"]

1. d4 g6 2. c4 Bg7 3. e4 d6 4. Nc3 Nc6 5. Nge2 e5 6. d5 Nce7 7. Ng3 Nh6 8. Bd3 c5 9. h4 f6 10. h5 Nf7 11. b4 b6 12. bxc5 bxc5 13. Rb1 g5 14. Bd2 h6 15. 0-0 0-0 16. Qa4 Bd7 17. Qa6 Qc8 18. Qxc8 Nxc8 19. Nb5 Bxb5 20. Rxb5 Nb6 21. Nf5 Rfe8 22. Rfb1 Bf8 23. Be2 Be7 24. Ne3 Bd8 25. Bg4 Bc7 26. Kf1 Reb8 27. Ke2 Nd8 28. Kd3 Na4 29. Bd7 Rxb5 30. Rxb5 Nb6 31. Bf5 Nc8 32. Bxc8 Rxc8 33. Nf5 Rb8 34. Nxh6+ Kh7 35. Rxb8 Bxb8 36. Nf5 Bc7 37. Kc2 a6 38. Kd3 Nf7 39. Ke3 Bd8 40. Kf3 Kg8 41. Kg4 Kh7 42. g3 Bc7 43. f4 Bd8 44. fxg5 fxg5 45. a3 Nh6+ 46. Nxh6 Kxh6 47. Be1 Be7 48. Kf5 Kxh5 49. g4+ 1-0

[Event "SLO-chT2 East"]
[Site "Slovenia"]
[Date "2015.09.19"]
[Round "2"]
[White "Ivekovic, Mario"]
[Black "Skuhala, Luka"]
[Result "1-0"]
[WhiteElo "2201"]
[BlackElo "1994"]
[PlyCount "97"]
[EventDate "2015.09.05"]
[EventType "team-tourn"]
[EventRounds "9"]
[EventCountry "SLO"]
[SourceTitle "EXT 2019"]
[Source "ChessBase"]
[SourceDate "2018.10.10"]
[SourceVersion "1"]
[SourceVersionDate "2018.10.10"]
[SourceQuality "1"]
[WhiteTeam "Brezice"]
[BlackTeam "Radenska Ljutomer"]
[WhiteTeamCountry "SLO"]
[BlackTeamCountry "SLO"]

1. e4 c5 2. d3 a6 3. g3 b5 4. Bg2 Bb7 5. Ne2 e6 6. 0-0 d6 7. c3 Nf6 8. Nd2 Qc7 9. a4 Be7 10. d4 Nbd7 11. axb5 axb5 12. Rxa8+ Bxa8 13. b3 0-0 14. Bb2 Rb8 15. Qb1 Bc6 16. Qc2 Nb6 17. Ra1 c4 18. b4 Na4 19. Bc1 Qb7 20. h3 Ra8 21. Nf4 h6 22. Kh2 Bd8 23. Ne2 Bc7 24. f3 Rf8 25. Nf1 Bb6 26. Be3 Nd7 27. Qd2 f5 28. d5 exd5 29. exf5 d4 30. Nxd4 Bxd4 31. Bxd4 Bxf3 32. Ne3 Re8 33. Nxc4 Re2 34. Qxe2 Bxe2 35. Bxb7 Bxc4 36. Re1 Ne5 37. Bxe5 dxe5 38. Rxe5 Nxc3 39. g4 Kf7 40. Rc5 Kf6 41. h4 Nd1 42. Bf3 Nb2 43. Bc6 Nd3 44. Bxb5 Nxc5 45. Bxc4 Nd7 46. Kg3 h5 47. Be6 Nf8 48. b5 hxg4 49. b6 1-0

[Event "CRO-chT2 Center"]
[Site "Croatia"]
[Date "2015.04.12"]
[Round "3.13"]
[White "Ivekovic, Mario"]
[Black "Trbojevic, Mladen"]
[Result "1/2-1/2"]
[WhiteElo "2223"]
[BlackElo "2390"]
[PlyCount "71"]
[EventDate "2015.03.22"]
[EventType "team-tourn"]
[EventRounds "11"]
[EventCountry "CRO"]
[SourceTitle "EXT 2016"]
[Source "ChessBase"]
[SourceDate "2015.10.08"]
[SourceVersion "1"]
[SourceVersionDate "2015.10.08"]
[SourceQuality "1"]

1. e4 e5 2. Nf3 Nc6 3. Bb5 a6 4. Ba4 Nge7 5. d4 exd4 6. Nxd4 Nxd4 7. Qxd4 Nc6 8. Bxc6 dxc6 9. Qxd8+ Kxd8 10. Be3 Be6 11. Nc3 Kc8 12. 0-0-0 Bd6 13. a3 Re8 14. Na4 Bf8 15. Nc5 Bxc5 16. Bxc5 b6 17. Bd4 f6 18. f4 c5 19. Bc3 Bd7 20. e5 f5 21. Rd2 Be6 22. Rhd1 Kb7 23. Rd3 Kc6 24. Be1 a5 25. a4 Re7 26. Bh4 Rd7 27. Rxd7 Bxd7 28. c4 Rf8 29. b3 Be6 30. Kc2 Kb7 31. Rd3 Kc8 32. Kd2 Bd7 33. Ke3 Re8 34. h3 Bc6 35. Rd2 Bd7 36. Kf3 1/2-1/2

[Event "CRO-chT2 Center 23rd"]
[Site "Grubisno Polje"]
[Date "2014.03.16"]
[Round "3.3"]
[White "Ivekovic, Mario"]
[Black "Margitic, Zdravko"]
[Result "0-1"]
[WhiteElo "2220"]
[BlackElo "2135"]
[PlyCount "54"]
[EventDate "2014.03.02"]
[EventType "team-match"]
[EventRounds "11"]
[EventCountry "CRO"]
[SourceTitle "EXT 2016"]
[Source "ChessBase"]
[SourceDate "2015.10.08"]
[SourceVersion "1"]
[SourceVersionDate "2015.10.08"]
[SourceQuality "1"]

1. e4 e5 2. Nf3 Nc6 3. Bb5 a6 4. Ba4 Bc5 5. 0-0 d6 6. d4 exd4 7. Nxd4 Nge7 8. Be3 Bxd4 9. Bxc6+ Nxc6 10. Bxd4 0-0 11. c4 f5 12. exf5 Bxf5 13. b3 Qh4 14. Bb2 Rae8 15. Nd2 Nb4 16. Nf3 Qh5 17. Nd4 Qg6 18. Nxf5 Qxf5 19. Qd2 Nd3 20. Bd4 Re6 21. Be3 Ne5 22. f3 Rfe8 23. Bf2 Nd3 24. Rad1 Nf4 25. Rfe1 Re2 26. Qd4 Qg5 27. Bg3 Rxe1+ 0-1

[Event "SLO-chT2 East"]
[Site "Slovenia"]
[Date "2013.10.26"]
[Round "5"]
[White "Ivekovic, Mario"]
[Black "Brinovec, Dusan"]
[Result "1/2-1/2"]
[WhiteElo "2245"]
[BlackElo "2233"]
[PlyCount "70"]
[EventDate "2013.09.07"]
[EventType "team-tourn"]
[EventRounds "9"]
[EventCountry "SLO"]
[SourceTitle "EXT 2015"]
[Source "ChessBase"]
[SourceDate "2014.11.20"]
[SourceVersion "1"]
[SourceVersionDate "2014.11.20"]
[SourceQuality "1"]

1. g3 Nf6 2. Bg2 d5 3. d3 e5 4. Nd2 Nc6 5. e4 Bg4 6. Ngf3 dxe4 7. dxe4 Nd4 8. 0-0 Bc5 9. h3 Nxf3+ 10. Nxf3 Qxd1 11. Rxd1 Bh5 12. g4 Bg6 13. Nxe5 Bxe4 14. Re1 Bxg2 15. Kxg2 Be7 16. Bg5 Rd8 17. Re2 0-0 18. Nc6 bxc6 19. Rxe7 Nd5 20. Re2 f6 21. Bd2 Rfe8 22. Rae1 Rxe2 23. Rxe2 Kf7 24. c4 Ne7 25. Be3 a6 26. Rd2 Rxd2 27. Bxd2 Ng6 28. f4 Ke8 29. Kf3 Ne7 30. Bc3 Kd7 31. h4 h5 32. gxh5 Nf5 33. Kg4 Ne3+ 34. Kf3 Nf5 35. Be1 Kd6 1/2-1/2

[Event "SLO-chT2 East"]
[Site "Slovenia"]
[Date "2013.10.26"]
[Round "4"]
[White "Mitrovic, Boris1"]
[Black "Ivekovic, Mario"]
[Result "1/2-1/2"]
[WhiteElo "2089"]
[BlackElo "2245"]
[PlyCount "72"]
[EventDate "2013.09.07"]
[EventType "team-tourn"]
[EventRounds "9"]
[EventCountry "SLO"]
[SourceTitle "EXT 2015"]
[Source "ChessBase"]
[SourceDate "2014.11.20"]
[SourceVersion "1"]
[SourceVersionDate "2014.11.20"]
[SourceQuality "1"]

1. c4 g6 2. Nc3 Bg7 3. Nf3 d6 4. b3 e5 5. Bb2 e4 6. Ng1 f5 7. d3 Nf6 8. dxe4 Nxe4 9. Qc2 0-0 10. Nf3 Nc6 11. a3 Qf6 12. Nd1 Qe7 13. Bxg7 Qxg7 14. Qb2 Qxb2 15. Nxb2 Be6 16. e3 Rad8 17. Rc1 f4 18. exf4 Bg4 19. Be2 Rde8 20. Ng1 Bxe2 21. Nxe2 Nc5 22. Kd1 Nxb3 23. Rc3 Nbd4 24. Nxd4 Nxd4 25. Nd3 Ne2 26. Rb3 Nxf4 27. Nxf4 Rxf4 28. Rxb7 Rd4+ 29. Kc2 Rxc4+ 30. Kd3 Ra4 31. Rxc7 Rxa3+ 32. Kd4 Rf8 33. Rb1 Rf4+ 34. Kd5 Ra5+ 35. Kxd6 Rd4+ 36. Ke6 Re4+ 1/2-1/2

[Event "SLO-chT2 East"]
[Site "Brezice Maribor"]
[Date "2012.11.24"]
[Round "9"]
[White "Vrabic, Anita"]
[Black "Ivekovic, Mario"]
[Result "1/2-1/2"]
[WhiteElo "2123"]
[BlackElo "2243"]
[PlyCount "90"]
[EventDate "2012.09.08"]
[EventType "team-tourn"]
[EventRounds "9"]
[EventCountry "SLO"]
[SourceTitle "EXT 2022"]
[Source "ChessBase"]
[SourceDate "2021.10.06"]
[SourceVersion "1"]
[SourceVersionDate "2021.10.06"]
[SourceQuality "1"]

1. e4 c6 2. d4 d5 3. exd5 cxd5 4. c4 g6 5. Nc3 Bg7 6. cxd5 Nf6 7. Qb3 0-0 8. Be2 Na6 9. Bf3 Qb6 10. Qxb6 axb6 11. Bf4 Nb4 12. Kd2 Bg4 13. d6 exd6 14. Bxb7 Ra5 15. h3 Be6 16. a3 Rd8 17. Nge2 Nbd5 18. Nxd5 Nxd5 19. Bxd5 Bxd5 20. f3 Bc4 21. Be3 Bxe2 22. Kxe2 b5 23. Kd3 Ra4 24. b3 Ra6 25. Bd2 Rda8 26. Bb4 d5 27. Ra2 Bf8 28. Bxf8 Kxf8 29. Rha1 b4 30. a4 Rc8 31. Rc2 Rxc2 32. Kxc2 Rc6+ 33. Kb2 Ke7 34. a5 Ra6 35. Ra4 h5 36. Rxb4 Rxa5 37. Rb6 Ra7 38. Rc6 Kd7 39. Rc5 Kd6 40. b4 Ra4 41. Kb3 Ra1 42. b5 Rd1 43. Kc3 Rb1 44. Rc6+ Kd7 45. Rc5 Kd6 1/2-1/2

[Event "SLO-chT2 East"]
[Site "Brezice Maribor"]
[Date "2012.10.20"]
[Round "6"]
[White "Ivekovic, Mario"]
[Black "Lasic, Luka"]
[Result "0-1"]
[WhiteElo "2243"]
[BlackElo "2243"]
[PlyCount "36"]
[EventDate "2012.09.08"]
[EventType "team-tourn"]
[EventRounds "9"]
[EventCountry "SLO"]
[SourceTitle "EXT 2022"]
[Source "ChessBase"]
[SourceDate "2021.10.06"]
[SourceVersion "1"]
[SourceVersionDate "2021.10.06"]
[SourceQuality "1"]

1. e4 c5 2. c3 Nf6 3. e5 Nd5 4. d4 cxd4 5. cxd4 Nc6 6. Nf3 e6 7. Nc3 d6 8. Nxd5 exd5 9. Be2 dxe5 10. dxe5 Bb4+ 11. Bd2 Qa5 12. 0-0 Bxd2 13. Nxd2 Qb6 14. Nf3 Qxb2 15. Re1 Be6 16. Rb1 Qxa2 17. Ng5 0-0 18. Qd3 g6 0-1